000
00286nam a2200121Ia 4500
005
20251028132345.0
008
251020t2013||||xx |||||||||||||| ||spa||
041
_a
spa
100
_a
Blossiers Mazzini, Juan José
245
0
_a
Manual de derecho bancario
260
_c
2013
942
_C
LB
_c
LB
999
_c
906
_d
906